<?xml version="1.0" encoding="UTF-8"?>
<collection xmlns="http://www.loc.gov/MARC21/slim">
 <record>
  <leader>06232cam a2201045   4500</leader>
  <controlfield tag="001">31470275X</controlfield>
  <controlfield tag="003">DE-627</controlfield>
  <controlfield tag="005">20240918113511.0</controlfield>
  <controlfield tag="007">tu</controlfield>
  <controlfield tag="008">000620s2000    gw ||||| m    00| ||ger c</controlfield>
  <datafield tag="015" ind1=" " ind2=" ">
   <subfield code="a">00,N21,0443</subfield>
   <subfield code="2">dnb</subfield>
  </datafield>
  <datafield tag="015" ind1=" " ind2=" ">
   <subfield code="a">00,A36,1109</subfield>
   <subfield code="2">dnb</subfield>
  </datafield>
  <datafield tag="016" ind1="7" ind2=" ">
   <subfield code="a">958931836</subfield>
   <subfield code="2">DE-101</subfield>
  </datafield>
  <datafield tag="020" ind1=" " ind2=" ">
   <subfield code="a">3422062947</subfield>
   <subfield code="c">Gewebe : ca. DM 98.00, ca. sFr 89.00, ca. S 715.00, Eur 51,00</subfield>
   <subfield code="9">3-422-06294-7</subfield>
  </datafield>
  <datafield tag="035" ind1=" " ind2=" ">
   <subfield code="a">(DE-627)31470275X</subfield>
  </datafield>
  <datafield tag="035" ind1=" " ind2=" ">
   <subfield code="a">(DE-576)08418471X</subfield>
  </datafield>
  <datafield tag="035" ind1=" " ind2=" ">
   <subfield code="a">(DE-599)DNB958931836</subfield>
  </datafield>
  <datafield tag="035" ind1=" " ind2=" ">
   <subfield code="a">(OCoLC)237374451</subfield>
  </datafield>
  <datafield tag="035" ind1=" " ind2=" ">
   <subfield code="a">(OCoLC)46609792</subfield>
  </datafield>
  <datafield tag="035" ind1=" " ind2=" ">
   <subfield code="a">(OCoLC)1078751912</subfield>
  </datafield>
  <datafield tag="035" ind1=" " ind2=" ">
   <subfield code="a">(DE-604)8131531247</subfield>
  </datafield>
  <datafield tag="040" ind1=" " ind2=" ">
   <subfield code="a">DE-627</subfield>
   <subfield code="b">ger</subfield>
   <subfield code="c">DE-627</subfield>
   <subfield code="e">rakwb</subfield>
  </datafield>
  <datafield tag="041" ind1=" " ind2=" ">
   <subfield code="a">ger</subfield>
  </datafield>
  <datafield tag="044" ind1=" " ind2=" ">
   <subfield code="c">XA-DE</subfield>
  </datafield>
  <datafield tag="050" ind1=" " ind2="0">
   <subfield code="a">ND567.5.N3E58 2000</subfield>
  </datafield>
  <datafield tag="084" ind1=" " ind2=" ">
   <subfield code="a">46</subfield>
   <subfield code="2">sdnb</subfield>
  </datafield>
  <datafield tag="084" ind1=" " ind2=" ">
   <subfield code="a">1</subfield>
   <subfield code="a">9,10</subfield>
   <subfield code="2">ssgn</subfield>
  </datafield>
  <datafield tag="084" ind1=" " ind2=" ">
   <subfield code="a">9,10</subfield>
   <subfield code="a">1</subfield>
   <subfield code="2">ssgn</subfield>
  </datafield>
  <datafield tag="084" ind1=" " ind2=" ">
   <subfield code="a">LK 83430</subfield>
   <subfield code="q">BVB</subfield>
   <subfield code="2">rvk</subfield>
   <subfield code="0">(DE-625)rvk/98498:</subfield>
  </datafield>
  <datafield tag="084" ind1=" " ind2=" ">
   <subfield code="a">LH 70392</subfield>
   <subfield code="2">rvk</subfield>
   <subfield code="0">(DE-625)rvk/94821:12028</subfield>
  </datafield>
  <datafield tag="084" ind1=" " ind2=" ">
   <subfield code="a">LK 83392</subfield>
   <subfield code="2">rvk</subfield>
   <subfield code="0">(DE-625)rvk/98494:12028</subfield>
  </datafield>
  <datafield tag="084" ind1=" " ind2=" ">
   <subfield code="a">LK 83390</subfield>
   <subfield code="2">rvk</subfield>
   <subfield code="0">(DE-625)rvk/98494:12026</subfield>
  </datafield>
  <datafield tag="084" ind1=" " ind2=" ">
   <subfield code="a">NP 1330</subfield>
   <subfield code="q">Frei129/1019</subfield>
   <subfield code="2">rvk</subfield>
   <subfield code="0">(DE-625)rvk/127389:</subfield>
  </datafield>
  <datafield tag="084" ind1=" " ind2=" ">
   <subfield code="a">NP 1300</subfield>
   <subfield code="q">Frei129/1019</subfield>
   <subfield code="2">rvk</subfield>
   <subfield code="0">(DE-625)rvk/127386:</subfield>
  </datafield>
  <datafield tag="084" ind1=" " ind2=" ">
   <subfield code="a">07</subfield>
   <subfield code="2">bwlb</subfield>
  </datafield>
  <datafield tag="084" ind1=" " ind2=" ">
   <subfield code="a">20.26</subfield>
   <subfield code="2">bkl</subfield>
  </datafield>
  <datafield tag="084" ind1=" " ind2=" ">
   <subfield code="a">20.31</subfield>
   <subfield code="2">bkl</subfield>
  </datafield>
  <datafield tag="084" ind1=" " ind2=" ">
   <subfield code="a">20.70</subfield>
   <subfield code="2">bkl</subfield>
  </datafield>
  <datafield tag="084" ind1=" " ind2=" ">
   <subfield code="a">21.02</subfield>
   <subfield code="2">bkl</subfield>
  </datafield>
  <datafield tag="100" ind1="1" ind2=" ">
   <subfield code="a">Fastert, Sabine</subfield>
   <subfield code="d">1970-</subfield>
   <subfield code="0">(DE-588)136497810</subfield>
   <subfield code="0">(DE-627)584078366</subfield>
   <subfield code="0">(DE-576)175890943</subfield>
   <subfield code="4">aut</subfield>
  </datafield>
  <datafield tag="245" ind1="1" ind2="4">
   <subfield code="a">Die Entdeckung des Mittelalters</subfield>
   <subfield code="b">Geschichtsrezeption in der nazarenischen Malerei des frühen 19. Jahrhunderts</subfield>
   <subfield code="c">Sabine Fastert</subfield>
  </datafield>
  <datafield tag="246" ind1="3" ind2="0">
   <subfield code="a">neunzehnten</subfield>
  </datafield>
  <datafield tag="264" ind1=" " ind2="1">
   <subfield code="a">München</subfield>
   <subfield code="a">Berlin</subfield>
   <subfield code="b">Dt. Kunstverl.</subfield>
   <subfield code="c">2000</subfield>
  </datafield>
  <datafield tag="300" ind1=" " ind2=" ">
   <subfield code="a">367 S.</subfield>
   <subfield code="b">Ill.</subfield>
   <subfield code="c">27 cm</subfield>
  </datafield>
  <datafield tag="336" ind1=" " ind2=" ">
   <subfield code="a">Text</subfield>
   <subfield code="b">txt</subfield>
   <subfield code="2">rdacontent</subfield>
  </datafield>
  <datafield tag="337" ind1=" " ind2=" ">
   <subfield code="a">ohne Hilfsmittel zu benutzen</subfield>
   <subfield code="b">n</subfield>
   <subfield code="2">rdamedia</subfield>
  </datafield>
  <datafield tag="338" ind1=" " ind2=" ">
   <subfield code="a">Band</subfield>
   <subfield code="b">nc</subfield>
   <subfield code="2">rdacarrier</subfield>
  </datafield>
  <datafield tag="490" ind1="1" ind2=" ">
   <subfield code="a">Kunstwissenschaftliche Studien</subfield>
   <subfield code="v">86</subfield>
  </datafield>
  <datafield tag="502" ind1=" " ind2=" ">
   <subfield code="a">Zugl.: Kiel, Univ., Diss., 1998</subfield>
  </datafield>
  <datafield tag="583" ind1="1" ind2=" ">
   <subfield code="a">Archivierung/Langzeitarchivierung gewährleistet</subfield>
   <subfield code="f">SSG</subfield>
   <subfield code="x">XA-DE-BW</subfield>
   <subfield code="2">pdager</subfield>
   <subfield code="5">DE-21</subfield>
  </datafield>
  <datafield tag="583" ind1="1" ind2=" ">
   <subfield code="a">Archivierung/Langzeitarchivierung gewährleistet</subfield>
   <subfield code="f">SSG</subfield>
   <subfield code="x">XA-DE-BW</subfield>
   <subfield code="2">pdager</subfield>
   <subfield code="5">DE-16</subfield>
  </datafield>
  <datafield tag="600" ind1="0" ind2="7">
   <subfield code="0">(DE-588)11860371X</subfield>
   <subfield code="0">(DE-627)079395112</subfield>
   <subfield code="0">(DE-576)209089865</subfield>
   <subfield code="a">Rudolf</subfield>
   <subfield code="b">I.</subfield>
   <subfield code="c">Heiliges Römisches Reich, König</subfield>
   <subfield code="d">1218-1291</subfield>
   <subfield code="2">gnd</subfield>
   <subfield code="7">(dpeaa)DE-631</subfield>
  </datafield>
  <datafield tag="600" ind1="0" ind2="7">
   <subfield code="0">(DE-588)118535757</subfield>
   <subfield code="0">(DE-627)079335861</subfield>
   <subfield code="0">(DE-576)208925120</subfield>
   <subfield code="a">Friedrich</subfield>
   <subfield code="b">I.</subfield>
   <subfield code="c">Heiliges Römisches Reich, Kaiser</subfield>
   <subfield code="d">1122-1190</subfield>
   <subfield code="2">gnd</subfield>
   <subfield code="7">(dpeaa)DE-631</subfield>
  </datafield>
  <datafield tag="650" ind1="0" ind2="7">
   <subfield code="0">(DE-588)4049716-1</subfield>
   <subfield code="0">(DE-627)104675152</subfield>
   <subfield code="0">(DE-576)209083182</subfield>
   <subfield code="a">Rezeption</subfield>
   <subfield code="2">gnd</subfield>
   <subfield code="7">(dpeaa)DE-631</subfield>
  </datafield>
  <datafield tag="650" ind1="0" ind2="7">
   <subfield code="0">(DE-588)4006627-7</subfield>
   <subfield code="0">(DE-627)106376888</subfield>
   <subfield code="0">(DE-576)208866353</subfield>
   <subfield code="a">Bildnis</subfield>
   <subfield code="2">gnd</subfield>
   <subfield code="7">(dpeaa)DE-631</subfield>
  </datafield>
  <datafield tag="650" ind1=" " ind2="4">
   <subfield code="a">Medievalism -- Germany -- History -- 19th century</subfield>
  </datafield>
  <datafield tag="650" ind1=" " ind2="4">
   <subfield code="a">Nazarenes (German painters)</subfield>
  </datafield>
  <datafield tag="650" ind1=" " ind2="4">
   <subfield code="a">Painting, German -- 19th century</subfield>
  </datafield>
  <datafield tag="655" ind1=" " ind2="7">
   <subfield code="a">Hochschulschrift</subfield>
   <subfield code="0">(DE-588)4113937-9</subfield>
   <subfield code="0">(DE-627)105825778</subfield>
   <subfield code="0">(DE-576)209480580</subfield>
   <subfield code="2">gnd-content</subfield>
  </datafield>
  <datafield tag="689" ind1="0" ind2="0">
   <subfield code="d">s</subfield>
   <subfield code="0">(DE-588)4075245-8</subfield>
   <subfield code="0">(DE-627)106086901</subfield>
   <subfield code="0">(DE-576)209197056</subfield>
   <subfield code="a">Nazarener</subfield>
   <subfield code="2">gnd</subfield>
  </datafield>
  <datafield tag="689" ind1="0" ind2="1">
   <subfield code="d">s</subfield>
   <subfield code="0">(DE-588)4025097-0</subfield>
   <subfield code="0">(DE-627)106294849</subfield>
   <subfield code="0">(DE-576)20895919X</subfield>
   <subfield code="a">Historienmalerei</subfield>
   <subfield code="2">gnd</subfield>
  </datafield>
  <datafield tag="689" ind1="0" ind2=" ">
   <subfield code="5">DE-101</subfield>
  </datafield>
  <datafield tag="689" ind1="1" ind2="0">
   <subfield code="d">p</subfield>
   <subfield code="0">(DE-588)118609815</subfield>
   <subfield code="0">(DE-627)135347076</subfield>
   <subfield code="0">(DE-576)165855185</subfield>
   <subfield code="a">Schnorr von Carolsfeld, Julius</subfield>
   <subfield code="d">1794-1872</subfield>
   <subfield code="2">gnd</subfield>
  </datafield>
  <datafield tag="689" ind1="1" ind2="1">
   <subfield code="d">s</subfield>
   <subfield code="0">(DE-588)4025097-0</subfield>
   <subfield code="0">(DE-627)106294849</subfield>
   <subfield code="0">(DE-576)20895919X</subfield>
   <subfield code="a">Historienmalerei</subfield>
   <subfield code="2">gnd</subfield>
  </datafield>
  <datafield tag="689" ind1="1" ind2="2">
   <subfield code="d">g</subfield>
   <subfield code="0">(DE-588)4210386-1</subfield>
   <subfield code="0">(DE-627)105096903</subfield>
   <subfield code="0">(DE-576)210198028</subfield>
   <subfield code="a">Residenz München</subfield>
   <subfield code="g">München</subfield>
   <subfield code="2">gnd</subfield>
  </datafield>
  <datafield tag="689" ind1="1" ind2=" ">
   <subfield code="5">DE-101</subfield>
  </datafield>
  <datafield tag="751" ind1=" " ind2=" ">
   <subfield code="a">Kiel</subfield>
   <subfield code="0">(DE-588)4030481-4</subfield>
   <subfield code="0">(DE-627)106269801</subfield>
   <subfield code="0">(DE-576)208987711</subfield>
   <subfield code="4">uvp</subfield>
  </datafield>
  <datafield tag="787" ind1="0" ind2="8">
   <subfield code="i">Rezension</subfield>
   <subfield code="a">Chapeaurouge, Donat de, 1925 - 2019</subfield>
   <subfield code="t">[Rezension von: Sabine Fastert, Die Entdeckung des Mittelalters]</subfield>
   <subfield code="d">2001</subfield>
   <subfield code="w">(DE-627)1540347923</subfield>
   <subfield code="w">(DE-576)470347929</subfield>
  </datafield>
  <datafield tag="830" ind1=" " ind2="0">
   <subfield code="a">Kunstwissenschaftliche Studien</subfield>
   <subfield code="v">86</subfield>
   <subfield code="9">86</subfield>
   <subfield code="w">(DE-627)13019607X</subfield>
   <subfield code="w">(DE-576)000863149</subfield>
   <subfield code="w">(DE-600)530622-X</subfield>
   <subfield code="x">0170-9186</subfield>
   <subfield code="7">ns</subfield>
  </datafield>
  <datafield tag="856" ind1="4" ind2="2">
   <subfield code="u">http://d-nb.info/958931836/04</subfield>
   <subfield code="m">V:DE-603</subfield>
   <subfield code="q">application/pdf</subfield>
   <subfield code="v">20130501</subfield>
   <subfield code="x">Verlag</subfield>
   <subfield code="3">Inhaltsverzeichnis</subfield>
  </datafield>
  <datafield tag="935" ind1=" " ind2=" ">
   <subfield code="a">mteo</subfield>
   <subfield code="a">BWLB</subfield>
  </datafield>
  <datafield tag="935" ind1=" " ind2=" ">
   <subfield code="i">Blocktest</subfield>
  </datafield>
  <datafield tag="936" ind1="r" ind2="v">
   <subfield code="a">LK 83430</subfield>
   <subfield code="b">Historienmalerei</subfield>
   <subfield code="k">Kunstgeschichte</subfield>
   <subfield code="k">Kunst nach Ländern bzw. Kontinenten</subfield>
   <subfield code="k">Deutschland</subfield>
   <subfield code="k">Deutsche Kunstgeschichte nach Gattungen</subfield>
   <subfield code="k">Malerei</subfield>
   <subfield code="k">Gegenstände (Darstellungen nichtikonographischen Charakters)</subfield>
   <subfield code="k">Historienmalerei</subfield>
   <subfield code="0">(DE-627)1271169460</subfield>
   <subfield code="0">(DE-625)rvk/98498:</subfield>
   <subfield code="0">(DE-576)201169460</subfield>
  </datafield>
  <datafield tag="936" ind1="r" ind2="v">
   <subfield code="a">LH 70392</subfield>
   <subfield code="b">romantisch-idealistisch</subfield>
   <subfield code="k">Kunstgeschichte</subfield>
   <subfield code="k">Allgemeines. Allgemeine Kunstgeschichte</subfield>
   <subfield code="k">Kunstgeschichte einzelner Gattungen der Kunst</subfield>
   <subfield code="k">Malerei</subfield>
   <subfield code="k">Darstellungen einzelner Epochen</subfield>
   <subfield code="k">19., 20.  und 21. Jahrhundert</subfield>
   <subfield code="k">19. Jahrhundert</subfield>
   <subfield code="k">romantisch-idealistisch</subfield>
   <subfield code="0">(DE-627)1271491680</subfield>
   <subfield code="0">(DE-625)rvk/94821:12028</subfield>
   <subfield code="0">(DE-576)201491680</subfield>
  </datafield>
  <datafield tag="936" ind1="r" ind2="v">
   <subfield code="a">LK 83392</subfield>
   <subfield code="b">romantisch-idealistisch</subfield>
   <subfield code="k">Kunstgeschichte</subfield>
   <subfield code="k">Kunst nach Ländern bzw. Kontinenten</subfield>
   <subfield code="k">Deutschland</subfield>
   <subfield code="k">Deutsche Kunstgeschichte nach Gattungen</subfield>
   <subfield code="k">Malerei</subfield>
   <subfield code="k">Einzelne Epochen</subfield>
   <subfield code="k">Neuzeit</subfield>
   <subfield code="k">19. und 20. Jahrhundert</subfield>
   <subfield code="k">19. Jahrhundert</subfield>
   <subfield code="k">romantisch-idealistisch</subfield>
   <subfield code="0">(DE-627)1271589788</subfield>
   <subfield code="0">(DE-625)rvk/98494:12028</subfield>
   <subfield code="0">(DE-576)201589788</subfield>
  </datafield>
  <datafield tag="936" ind1="r" ind2="v">
   <subfield code="a">LK 83390</subfield>
   <subfield code="b">allgemein</subfield>
   <subfield code="k">Kunstgeschichte</subfield>
   <subfield code="k">Kunst nach Ländern bzw. Kontinenten</subfield>
   <subfield code="k">Deutschland</subfield>
   <subfield code="k">Deutsche Kunstgeschichte nach Gattungen</subfield>
   <subfield code="k">Malerei</subfield>
   <subfield code="k">Einzelne Epochen</subfield>
   <subfield code="k">Neuzeit</subfield>
   <subfield code="k">19. und 20. Jahrhundert</subfield>
   <subfield code="k">19. Jahrhundert</subfield>
   <subfield code="k">allgemein</subfield>
   <subfield code="0">(DE-627)1270704788</subfield>
   <subfield code="0">(DE-625)rvk/98494:12026</subfield>
   <subfield code="0">(DE-576)200704788</subfield>
  </datafield>
  <datafield tag="936" ind1="r" ind2="v">
   <subfield code="a">NP 1330</subfield>
   <subfield code="b">Darstellungen</subfield>
   <subfield code="k">Geschichte</subfield>
   <subfield code="k">Von der Restauration bis zum Ende des Ersten Weltkrieges (1815 - 1918)</subfield>
   <subfield code="k">Allgemeines</subfield>
   <subfield code="k">Geistes- und Kulturgeschichte</subfield>
   <subfield code="k">Darstellungen</subfield>
   <subfield code="0">(DE-627)1271468190</subfield>
   <subfield code="0">(DE-625)rvk/127389:</subfield>
   <subfield code="0">(DE-576)201468190</subfield>
  </datafield>
  <datafield tag="936" ind1="r" ind2="v">
   <subfield code="a">NP 1300</subfield>
   <subfield code="b">Einzelbeiträge</subfield>
   <subfield code="k">Geschichte</subfield>
   <subfield code="k">Von der Restauration bis zum Ende des Ersten Weltkrieges (1815 - 1918)</subfield>
   <subfield code="k">Allgemeines</subfield>
   <subfield code="k">Einzelbeiträge</subfield>
   <subfield code="0">(DE-627)1271118874</subfield>
   <subfield code="0">(DE-625)rvk/127386:</subfield>
   <subfield code="0">(DE-576)201118874</subfield>
  </datafield>
  <datafield tag="936" ind1="b" ind2="k">
   <subfield code="a">20.26</subfield>
   <subfield code="j">Geschichte</subfield>
   <subfield code="x">Ikonographie</subfield>
   <subfield code="0">(DE-627)106423630</subfield>
  </datafield>
  <datafield tag="936" ind1="b" ind2="k">
   <subfield code="a">20.31</subfield>
   <subfield code="j">Bildende Künstler</subfield>
   <subfield code="0">(DE-627)181571080</subfield>
  </datafield>
  <datafield tag="936" ind1="b" ind2="k">
   <subfield code="a">20.70</subfield>
   <subfield code="j">Europäische Kunst: Allgemeines</subfield>
   <subfield code="0">(DE-627)106406566</subfield>
  </datafield>
  <datafield tag="936" ind1="b" ind2="k">
   <subfield code="a">21.02</subfield>
   <subfield code="j">Geschichte der Malerei</subfield>
   <subfield code="0">(DE-627)106406698</subfield>
  </datafield>
  <datafield tag="951" ind1=" " ind2=" ">
   <subfield code="a">BO</subfield>
  </datafield>
  <datafield tag="990" ind1=" " ind2=" ">
   <subfield code="a">Nazarener</subfield>
  </datafield>
  <datafield tag="990" ind1=" " ind2=" ">
   <subfield code="a">Historienmalerei</subfield>
  </datafield>
  <datafield tag="990" ind1=" " ind2=" ">
   <subfield code="a">Schnorr von Carolsfeld, Julius</subfield>
  </datafield>
  <datafield tag="990" ind1=" " ind2=" ">
   <subfield code="a">Historienmalerei</subfield>
  </datafield>
  <datafield tag="990" ind1=" " ind2=" ">
   <subfield code="a">Residenz München</subfield>
  </datafield>
  <datafield tag="991" ind1=" " ind2=" ">
   <subfield code="a">Rezensiertes Werk</subfield>
  </datafield>
  <datafield tag="999" ind1=" " ind2=" ">
   <subfield code="a">KXP-PPN31470275X</subfield>
   <subfield code="e">4073686348</subfield>
  </datafield>
 </record>
</collection>
